The juvenile offender and the law
| Main Author: | |
|---|---|
| Format: | Print Book |
| Language: | English |
| Published: |
Cincinnati
Anderson
1971
|
| In: |
Police text series (5)
Year: 1971 |
| Availability in Tübingen: | Present in Tübingen. IFK: D I 48 UB: KB 2 A 83 |
| Check availability: | HBZ Gateway |
| Subito Delivery Service: | Order now. |
MARC
| LEADER | 00000cam a22000002c 4500 | ||
|---|---|---|---|
| 001 | 109547880X | ||
| 003 | DE-627 | ||
| 005 | 20251224220630.0 | ||
| 007 | tu | ||
| 008 | 910830s1971 xx ||||| 00| ||eng c | ||
| 035 | |a (DE-627)109547880X | ||
| 035 | |a (DE-576)02547880X | ||
| 035 | |a (DE-599)BSZ02547880X | ||
| 035 | |a (OCoLC)00209797 | ||
| 035 | |a (DE-604)8071996419 | ||
| 040 | |a DE-627 |b ger |c DE-627 |e rakwb | ||
| 041 | |a eng | ||
| 082 | 0 | |a 364.36 | |
| 084 | |a MS 2400 |2 rvk |0 (DE-625)rvk/123637: | ||
| 100 | 1 | |a Hahn, Paul H. |4 aut | |
| 245 | 1 | 4 | |a The juvenile offender and the law |c Paul H. Hahn |
| 264 | 1 | |a Cincinnati |b Anderson |c 1971 | |
| 300 | |a XX, 416 S. | ||
| 336 | |a Text |b txt |2 rdacontent | ||
| 337 | |a ohne Hilfsmittel zu benutzen |b n |2 rdamedia | ||
| 338 | |a Band |b nc |2 rdacarrier | ||
| 490 | 1 | |a Police text series |v 5 | |
| 583 | 1 | |a Archivierung prüfen |c 20200919 |f DE-640 |z 3 |2 pdager | |
| 830 | 0 | |a Police text series |v 5 |9 5 |w (DE-627)166466719 |w (DE-576)024601837 |w (DE-600)197150-5 |7 am | |
| 936 | r | v | |a MS 2400 |b Jugendkriminalität und -verwahrlosung |k Soziologie |k Spezielle Soziologien |k Jugendsoziologie |k Jugendkriminalität und -verwahrlosung |0 (DE-627)1271440997 |0 (DE-625)rvk/123637: |0 (DE-576)201440997 |
| 951 | |a BO | ||
| ELC | |b 1 | ||
| LOK | |0 000 xxxxxcx a22 zn 4500 | ||
| LOK | |0 001 2170984143 | ||
| LOK | |0 003 DE-627 | ||
| LOK | |0 004 109547880X | ||
| LOK | |0 005 20010918000000 | ||
| LOK | |0 008 910830||||||||||||||||ger||||||| | ||
| LOK | |0 040 |a DE-21 |c DE-627 |d DE-21 | ||
| LOK | |0 852 |a DE-21 | ||
| LOK | |0 852 1 |c KB 2 A 83 |9 00 | ||
| LOK | |0 935 |a krim | ||
| LOK | |0 936ln |a k11.1.2.1 | ||
| LOK | |0 939 |a 30-08-91 |b l01 | ||
| LOK | |0 000 xxxxxcx a22 zn 4500 | ||
| LOK | |0 001 2170984151 | ||
| LOK | |0 003 DE-627 | ||
| LOK | |0 004 109547880X | ||
| LOK | |0 005 20020607000000 | ||
| LOK | |0 008 930816||||||||||||||||ger||||||| | ||
| LOK | |0 040 |a DE-21-110 |c DE-627 |d DE-21-110 | ||
| LOK | |0 852 |a DE-21-110 | ||
| LOK | |0 852 1 |c D I 48 |m p |9 00 | ||
| LOK | |0 935 |a k110 | ||
| LOK | |0 936ln |a 11.1.2.1 | ||
| LOK | |0 938 |k p | ||
| LOK | |0 939 |a 16-08-93 |b l01 | ||
| ORI | |a SA-MARC-krimdoka001.raw | ||
| SIG | |a IFK: D I 48 | ||
| SIG | |a UB: KB 2 A 83 | ||
